000 00883 a2200193 4500
003 Nust
005 20170207154012.0
022 _a0595137636
040 _cNust
082 _a005.43
100 _aWirzenius, Lars
245 _aThe Linux System Administrators' Guide (E-BOOK)
_bLars Wirzenius
260 _aIuniverse Inc
_c2000
300 _a109 p
490 _aVersion 0.7
505 _aChapter 1. Introduction 2 Chapter 2. About This Book 4 Chapter 3. Overview of a Linux System 6 Chapter 4. Overview of the Directory Tree 12 Chapter 5. Device Files 22 Chapter 6. Using Disks and Other Storage Media. 26 Chapter 7. Memory Management.51 Chapter 8. Boots And Shutdowns 57 Chapter 9. init.62 Chapter 10. Logging In And Out 66 Chapter 11. Managing user accounts. 71 Chapter 12. Backups. 76 Chapter 13. Keeping Time.83 Chapter 14. Finding Help 86
650 _aLinux
651 _aE-BOOK
942 _2ddc
_cBK
999 _c191248
_d191248